000 00678cam a2200205 a 4500
020 _a0801829100 (pbk.)
040 _cDLC
082 0 0 _a351 PUB 1982 A073 Or.
100 1 _aCasley, D. J.
245 1 0 _aMonitoring and evaluation of agriculture and rural development projects /
260 _aBaltimore, Md. :
_bPublished for the World Bank [by the] Johns Hopkins University Press,
_c1982.
300 _aviii, 145 p. ;
_c23 cm.
650 0 _aAgricultural development projects
650 0 _aRural development projects
650 0 _aAgricultural development projects
650 0 _aRural development projects
700 1 _aLury, D. A.
710 2 _aWorld Bank.
942 _cEK
999 _c15024
_d15024